000 01204cam a2200349 i 4500
001 20143776
003 EG-ScBUE
005 20260208104202.0
008 171115t2025 njua f b 001 0 eng d
020 _a9781779562357
035 _a(DNLM)101716893
040 _aDNLM/DLC
_beng
_erda
_cDLC
_dDLC
_dEG-ScBUE
082 0 4 _a611.0181
_222
_bCHA
100 1 _aChandar, Ramesh,
_eauthor.
245 1 0 _aCell and molecular biology /
_cProf. Ramesh Chandra and Dr. Heerak Chugh.
264 1 _aBurlington :
_bAllied Health Press,
_c[2025]
264 4 _cc2025
300 _a374 pages :
_bcolor illustrations ;
_c28 cm
336 _atext
_2rdacontent
_btxt
337 _aunmediated
_2rdamedia
_bn
338 _avolume
_2rdacarrier
_bnc
504 _aIncludes bibliographical references and index.
650 7 _aCytology
_vExaminations, questions, etc.
_2BUEsh
650 7 _aCytology
_vOutlines, syllabi, etc.
_2BUEsh
650 7 _aMolecular biology
_vExaminations, questions, etc.
_2BUEsh
650 7 _aMolecular biology
_vOutlines, syllabi, etc.
_2BUEsh
653 _cFebruary2026
_bPPhrm
655 _vReading book
700 1 _aChugh , Heerak
_eauthor.
942 _2ddc
_cBB
999 _c31089
_d31060